Wzory na flagach państw - Nagła Śmierć - Statystyki

Ogólne statystyki
  • Ten quiz został rozwiązany 248 razy
  • Średni wynik to 8 z 18
Answers on the Grid
Answers color-coded by a green-red scale on the quiz's grid according to % correct below.
 
Statystyki odpowiedzi
Odpowiedź % Poprawnych
Barbados
69%
Katar
65%
Pakistan
63%
Burkina Faso
58%
Liechtenstein
56%
Antigua i Barbuda
53%
Singapur
50%
Indie
49%
Lesotho
49%
Gruzja
37%
Turkmenistan
35%
Namibia
34%
Korea Południowa
32%
Erytrea
32%
Grenada
25%
Iran
21%
Nowa Zelandia
16%
Mongolia
8%
Nie znaleziono quizów pasujących do podanych kryteriów
Rozkład punktacji
Procent ludzi z każdym wynikiem
Percentyl według liczby udzielonych odpowiedzi
Twoja historia wyników
Nie rozwiązałeś tego quizu